Soixante ans de la vie de Thomas Alva Edison (Record no. 85006)

MARC details
000 -LEADER
campo de control de longitud fija 00632nam a2200181 i 4500
001 - NÚMERO DE CONTROL
campo de control 85006
003 - IDENTIFICADOR DE NÚMERO DE CONTROL
campo de control ES-MaACL
005 - FECHA Y HORA DE LA ÚLTIMA TRANSACCIÓN
campo de control 20230906175148.0
007 - CAMPO FIJO DE DESCRIPCIÓN FÍSICA--INFORMACIÓN GENERAL
campo de control de longitud fija t|
008 - DATOS DE LONGITUD FIJA--INFORMACIÓN GENERAL
campo de control de longitud fija 041124s1910 fr ||||1| fre d
100 1# - ENTRADA PRINCIPAL--NOMBRE DE PERSONA
Nombre de persona Jones, F. A.
9 (RLIN) 66841
245 10 - MENCIÓN DEL TÍTULO
Título Soixante ans de la vie de Thomas Alva Edison
Resto del título : ses decouvertes, ses experiences et ses inventions /
Mención de responsabilidad, etc. traduit de l'anglais de F. A. Jones par Claire Mansbendel.
260 ## - PUBLICACIÓN, DISTRIBUCIÓN, ETC.
Lugar de publicación, distribución, etc. Paris :
Nombre del editor, distribuidor, etc. [s.n.,
Fecha de publicación, distribución, etc. 1910] (
Lugar de fabricación/manufactura Bruxelles :
Fabricante Dreesen)
300 ## - DESCRIPCIÓN FÍSICA
Extensión VIII, 232 p. ;
Dimensiones 20 cm.
600 14 - PUNTO DE ACCESO ADICIONAL DE MATERIA--NOMBRE DE PERSONA
Nombre de persona Edison, Thomas A.
9 (RLIN) 154955
700 1# - ENTRADA AGREGADA--NOMBRE PERSONAL
Nombre de persona Mansbendel, Claire.
9 (RLIN) 76110
852 ## - LOCALIZACIÓN
Ubicación ES-MaACL
Número de control de estantería F-12709
Holdings
Estatus retirado Estado de pérdida Estado de daño No para préstamo Biblioteca de origen Biblioteca actual Ubicación en estantería Fecha de adquisición Fuente de adquisición Total de préstamos Signatura topográfica completa Código de barras Visto por última vez Precio de reemplazo Tipo de ítem Koha
        Biblioteca del Ateneo de Madrid Biblioteca del Ateneo de Madrid Sala Pecera Planta 2 17/01/2008     F-12709 1088832 23/02/2023 23/02/2023 Libro impreso